| 000 | 00968nam2a22002651 4500 | ||
|---|---|---|---|
| 001 | rc\4853496 | ||
| 005 | 20251210161850.0 | ||
| 021 |
_aRU _b[61-38705] |
||
| 035 | _a(NLR Aleph) 008815331 | ||
| 090 |
_a8187651 _c8187651 |
||
| 100 | _a20130426d1961 u y0rusy50 ca | ||
| 101 | 0 | _arus | |
| 102 | _aRU | ||
| 105 | _ay z ||||| | ||
| 200 | 1 |
_aДым _aНовь _f[Послесл. А. Батюто, с. 367-386] |
|
| 210 | _d1961 | ||
| 215 |
_a387 с. _d23 |
||
| 461 | 0 |
_1001rc\4853492 _12001#$aСобрание сочинений$eВ 10 т.$eТ. 1-$vТ. 4 _1700#1$aТургенев$bИ. С.$f1818-1883$gИван Сергеевич$3RU\NLR\AUTH\77102 _98187628 _aТургенев, И.С. _cМосква _d1961 _nГослитиздат _oВ 10 т. : Т. 1- _tСобрание сочинений _vТ. 4 |
|
| 702 | 1 |
_aБатюто _bА. _4080 |
|
| 801 | 0 |
_aRU _bNLR _gpsbo |
|
| 801 | 1 |
_aRU _bELAR _2rusmarc |
|
| 852 |
_aNLR _j61-5/567 |
||
| 942 | _cBOOK | ||
| 980 | _aNB | ||